[Event "Bundesliga 2324"]
[Site "Germany"]
[Date "2024.03.17"]
[Round "13.2"]
[White "Fressinet, Laurent"]
[Black "Lagarde, Maxime"]
[Result "1/2-1/2"]
[WhiteElo "2643"]
[BlackElo "2626"]
[PlyCount "40"]
[EventDate "2023.10.21"]
[EventType "team-tourn"]
[EventRounds "15"]
[EventCountry "GER"]
[SourceTitle "CB13_2024"]
[SourceDate "2024.03.27"]
[SourceVersion "1"]
[SourceVersionDate "2024.03.27"]
[SourceQuality "1"]
[WhiteTeam "Werder Bremen"]
[BlackTeam "Oetigheim"]
[WhiteTeamCountry "GER"]
[BlackTeamCountry "GER"]

1. d4 Nf6 2. c4 e6 3. g3 d5 4. Bg2 dxc4 5. Nf3 c5 6. 0-0 Nc6 7. dxc5 Qxd1 8. Rxd1 Bxc5 9. Nbd2 c3 10. bxc3 0-0 11. Nb3 Be7 12. Nfd4 Bd7 13. Nxc6 Bxc6 14. Bxc6 bxc6 15. c4 a5 16. Be3 Rfb8 17. Nd4 Rc8 18. Nf3 Rab8 19. Rab1 Rb4 20. Ne5 Ne4 1/2-1/2

[Event "Bundesliga 2324"]
[Site "Germany"]
[Date "2024.03.16"]
[Round "12.2"]
[White "Keymer, Vincent"]
[Black "Fressinet, Laurent"]
[Result "1-0"]
[WhiteElo "2717"]
[BlackElo "2643"]
[PlyCount "93"]
[EventDate "2023.10.21"]
[EventType "team-tourn"]
[EventRounds "15"]
[EventCountry "GER"]
[SourceTitle "CB13_2024"]
[SourceDate "2024.03.27"]
[SourceVersion "1"]
[SourceVersionDate "2024.03.27"]
[SourceQuality "1"]
[WhiteTeam "Baden-Baden"]
[BlackTeam "Werder Bremen"]
[WhiteTeamCountry "GER"]
[BlackTeamCountry "GER"]

1. c4 e6 2. Nc3 d5 3. d4 Nf6 4. cxd5 exd5 5. Bg5 c6 6. e3 Bf5 7. Qf3 Bg6 8. Bxf6 Qxf6 9. Qxf6 gxf6 10. h4 h5 11. Rd1 Nd7 12. Bd3 Rg8 13. Nge2 Bd6 14. Rh3 Bxd3 15. Rxd3 Rg4 16. Kf1 0-0-0 17. f3 Rg6 18. e4 Nb6 19. exd5 Nxd5 20. Nxd5 cxd5 21. Rb3 a6 22. f4 Kb8 23. Rhg3 Rdg8 24. a4 Rc8 25. Rbc3 Re8 26. Rge3 Re4 27. Rxe4 dxe4 28. f5 Rg4 29. g3 Bb4 30. Rc2 Bd6 31. Kf2 Rg8 32. Rc3 Bb4 33. Re3 Re8 34. Nc3 Bxc3 35. bxc3 b5 36. axb5 axb5 37. g4 hxg4 38. Kg3 Kc7 39. Kf4 Kd6 40. Rxe4 Rg8 41. Kg3 Kd5 42. Re3 Kc4 43. h5 Rg5 44. Kh4 Rxf5 45. h6 Rf1 46. Kxg4 f5+ 47. Kh4 1-0

[Event "Chessable Masters Play In"]
[Site "Chess.com INT"]
[Date "2024.01.31"]
[Round "9"]
[White "Fressinet, Laurent"]
[Black "Aronian, Levon"]
[Result "0-1"]
[WhiteElo "2637"]
[BlackElo "2725"]
[PlyCount "98"]
[EventDate "2024.01.31"]
[EventType "swiss (rapid)"]
[EventRounds "9"]
[EventCountry "USA"]
[SourceTitle "CB06_2024"]
[SourceDate "2024.02.07"]
[SourceVersion "1"]
[SourceVersionDate "2024.02.07"]
[SourceQuality "1"]

1. d4 Nf6 2. Nf3 d5 3. c4 e6 4. Nc3 Bb4 5. cxd5 exd5 6. Bg5 h6 7. Bh4 Bf5 8. e3 Nbd7 9. Be2 c6 10. 0-0 0-0 11. Ne5 Qa5 12. Nxd7 Nxd7 13. Qb3 Nb6 14. a3 Bxc3 15. Qxc3 Qxc3 16. bxc3 Na4 17. Rfc1 b5 18. f3 Rfe8 19. Bf2 a5 20. Ra2 Nb6 21. Re1 a4 22. Bf1 h5 23. h3 f6 24. g4 Bg6 25. Bg3 Re6 26. Kf2 Rf8 27. Bc7 Nd7 28. Bg2 Rfe8 29. Rae2 hxg4 30. hxg4 Bd3 31. Rd2 Bc4 32. e4 g5 33. Re3 Nf8 34. Rd1 Ng6 35. Bg3 Kg7 36. Rh1 R8e7 37. Rc1 Nf4 38. Bxf4 gxf4 39. Ree1 Bd3 40. exd5 Re2+ 41. Rxe2 Rxe2+ 42. Kg1 cxd5 43. Bf1 Rd2 44. Bxd3 Rxd3 45. Rb1 Rxf3 46. Rxb5 Rxc3 47. Rxd5 Rxa3 48. Ra5 Ra1+ 49. Kf2 a3 0-1

[Event "Chessable Masters Play In"]
[Site "Chess.com INT"]
[Date "2024.01.31"]
[Round "6"]
[White "Rasulov, Vugar Ural Oglu"]
[Black "Fressinet, Laurent"]
[Result "0-1"]
[WhiteElo "2536"]
[BlackElo "2637"]
[PlyCount "72"]
[EventDate "2024.01.31"]
[EventType "swiss (rapid)"]
[EventRounds "9"]
[EventCountry "USA"]
[SourceTitle "CB06_2024"]
[SourceDate "2024.02.07"]
[SourceVersion "1"]
[SourceVersionDate "2024.02.07"]
[SourceQuality "1"]

1. e4 e5 2. Nf3 Nc6 3. Bb5 Nf6 4. d3 Bc5 5. Bxc6 dxc6 6. 0-0 Bd6 7. Bg5 h6 8. Bh4 g5 9. Bg3 Be6 10. Nc3 Nd7 11. d4 f6 12. Qd3 Qe7 13. Rad1 0-0-0 14. d5 cxd5 15. exd5 Bf7 16. Rfe1 Bh5 17. Nb5 Kb8 18. c4 Qh7 19. Qc3 Bxf3 20. Qxf3 h5 21. h4 Rhg8 22. Nxd6 cxd6 23. Qa3 Qe7 24. hxg5 Rxg5 25. b4 Rdg8 26. Re4 f5 27. Rh4 f4 28. c5 fxg3 29. f3 e4 30. Rxe4 Re5 31. Rde1 Qh4 32. Qe3 Qh2+ 33. Kf1 Qh1+ 34. Ke2 Qxg2+ 35. Kd3 Qxa2 36. cxd6 Qb3+ 0-1

[Event "Chessable Masters Play In"]
[Site "Chess.com INT"]
[Date "2024.01.31"]
[Round "4"]
[White "Volokitin, Andrei"]
[Black "Fressinet, Laurent"]
[Result "0-1"]
[WhiteElo "2663"]
[BlackElo "2637"]
[PlyCount "84"]
[EventDate "2024.01.31"]
[EventType "swiss (rapid)"]
[EventRounds "9"]
[EventCountry "USA"]
[SourceTitle "CB06_2024"]
[SourceDate "2024.02.07"]
[SourceVersion "1"]
[SourceVersionDate "2024.02.07"]
[SourceQuality "1"]

1. e4 e5 2. Nf3 Nc6 3. Bc4 Nf6 4. d3 Bc5 5. 0-0 d6 6. c3 a5 7. Re1 0-0 8. h3 Be6 9. Bb5 Ba7 10. Be3 Bxe3 11. Rxe3 Ne7 12. d4 c6 13. Bf1 d5 14. Nxe5 Nxe4 15. Nd2 Nf5 16. Re2 Nfd6 17. Re3 f6 18. Nd3 Nxd2 19. Rxe6 N2e4 20. Nc5 Nxc5 21. dxc5 Ne4 22. Qd4 Re8 23. Rxe8+ Qxe8 24. c4 Qe5 25. Rd1 Rd8 26. cxd5 cxd5 27. Bc4 Qxd4 28. Rxd4 Nxc5 29. Rxd5 Rxd5 30. Bxd5+ Kf8 31. Kf1 Ke7 32. Ke2 Kd6 33. Bg8 h6 34. Ke3 Na4 35. b3 Nc3 36. a3 Kc5 37. Kf4 Nb5 38. Kf5 Nxa3 39. Kg6 b5 40. Kxg7 Nc4 41. Kxh6 a4 42. bxc4 b4 0-1

[Event "Wch Blitz"]
[Site "Samarkand"]
[Date "2023.12.30"]
[Round "16"]
[White "Fressinet, Laurent"]
[Black "Christiansen, Johan Sebastian"]
[Result "0-1"]
[WhiteElo "2637"]
[BlackElo "2618"]
[PlyCount "116"]
[EventDate "2023.12.29"]
[EventType "swiss (blitz)"]
[EventRounds "21"]
[EventCountry "UZB"]
[SourceTitle "CB01_2024"]
[SourceDate "2024.01.03"]
[SourceVersion "1"]
[SourceVersionDate "2024.01.03"]
[SourceQuality "1"]

1. d4 Nf6 2. Nf3 c5 3. d5 b5 4. c3 g6 5. e4 Nxe4 6. Bxb5 Bg7 7. 0-0 0-0 8. Re1 Nf6 9. d6 e6 10. Nbd2 Qb6 11. Bd3 Qxd6 12. Ne4 Nxe4 13. Rxe4 Bb7 14. Re1 Qc7 15. Qe2 Nc6 16. h4 d5 17. h5 e5 18. Ng5 e4 19. Bc2 h6 20. Nh3 g5 21. f4 g4 22. Qxg4 f5 23. Qg3 d4 24. Bb3+ Kh8 25. cxd4 cxd4 26. Nf2 a5 27. a3 Ba6 28. Nxe4 fxe4 29. Rxe4 Rae8 30. Rxe8 Rxe8 31. Bd2 Qb6 32. Kh1 d3 33. Qg6 Rb8 34. Re1 Qxb3 35. Re8+ Rxe8 36. Qxe8+ Qg8 37. Qxc6 Bc4 38. Bxa5 Qe6 39. Qf3 Bxb2 40. f5 Qf7 41. Bd2 Bg7 42. a4 Qd5 43. f6 Bf8 44. Qg4 Qe6 45. Qd4 Kg8 46. a5 Kf7 47. Bc3 Qd5 48. Qa7+ Ke6 49. Qb6+ Bd6 50. Qe3+ Kf7 51. Qxh6 Qf5 52. Qg7+ Ke8 53. Qh8+ Kd7 54. Qg7+ Kc6 55. Kg1 Qc5+ 56. Kh1 Qxh5+ 57. Kg1 Bc5+ 58. Kf1 Qh1# 0-1

[Event "Wch Blitz"]
[Site "Samarkand"]
[Date "2023.12.30"]
[Round "17"]
[White "Nogerbek, Kazybek"]
[Black "Fressinet, Laurent"]
[Result "1/2-1/2"]
[WhiteElo "2483"]
[BlackElo "2637"]
[PlyCount "119"]
[EventDate "2023.12.29"]
[EventType "swiss (blitz)"]
[EventRounds "21"]
[EventCountry "UZB"]
[SourceTitle "CB01_2024"]
[SourceDate "2024.01.03"]
[SourceVersion "1"]
[SourceVersionDate "2024.01.03"]
[SourceQuality "1"]

1. d4 d5 2. Nf3 Nf6 3. c4 e6 4. Nc3 Be7 5. Bg5 h6 6. Bxf6 Bxf6 7. e3 0-0 8. Rc1 dxc4 9. Bxc4 c5 10. Ne4 Nd7 11. Nxf6+ Qxf6 12. Bb5 Rd8 13. 0-0 cxd4 14. Qxd4 Qxd4 15. Nxd4 Nf6 16. h3 Rb8 17. Rfd1 Bd7 18. Bxd7 Rxd7 19. Nb5 Rxd1+ 20. Rxd1 a6 21. Nc3 Rc8 22. Rd6 Kf8 23. Kf1 Ke7 24. Rb6 Rc7 25. a4 Nd7 26. Rb4 Ne5 27. Ke2 f5 28. f4 Nc6 29. Rc4 Kd7 30. b4 Ne7 31. Kd3 Rxc4 32. Kxc4 Kd6 33. a5 g5 34. g3 Nc6 35. Na4 Kc7 36. Nc5 Nd8 37. fxg5 hxg5 38. h4 gxh4 39. gxh4 Kd6 40. h5 Ke7 41. b5 e5 42. Kd5 f4 43. exf4 exf4 44. Ke4 axb5 45. Kxf4 Nc6 46. Nxb7 b4 47. Nc5 Nxa5 48. Kg5 Kf7 49. h6 Kg8 50. Kg6 Nc6 51. h7+ Kh8 52. Kh6 Ne5 53. Nb3 Nf7+ 54. Kg6 Ne5+ 55. Kf5 Nd3 56. Ke4 Nb2 57. Kd4 Kxh7 58. Kc5 Kg6 59. Kxb4 Nc4 60. Kxc4 1/2-1/2

[Event "Wch Blitz"]
[Site "Samarkand"]
[Date "2023.12.29"]
[Round "7"]
[White "Dardha, Daniel"]
[Black "Fressinet, Laurent"]
[Result "1/2-1/2"]
[WhiteElo "2598"]
[BlackElo "2637"]
[PlyCount "123"]
[EventDate "2023.12.29"]
[EventType "swiss (blitz)"]
[EventRounds "21"]
[EventCountry "UZB"]
[SourceTitle "CB01_2024"]
[SourceDate "2024.01.03"]
[SourceVersion "1"]
[SourceVersionDate "2024.01.03"]
[SourceQuality "1"]

1. e4 e5 2. d4 exd4 3. Qxd4 Nc6 4. Qc4 Nf6 5. Nc3 Bb4 6. Bd2 0-0 7. 0-0-0 d6 8. f3 Be6 9. Qe2 Re8 10. Qf2 Qe7 11. g4 Rad8 12. g5 Nd7 13. Nge2 Nde5 14. Nf4 Bxc3 15. Bxc3 Qxg5 16. Qd2 Ng6 17. Nd3 Qxd2+ 18. Bxd2 Nge5 19. f4 Nc4 20. Bc3 Ne3 21. Re1 Nxf1 22. Rhxf1 f6 23. Rg1 Kf8 24. e5 dxe5 25. fxe5 f5 26. Nf4 Kf7 27. Rg5 g6 28. h4 Rg8 29. h5 Ne7 30. Reg1 b6 31. Bd2 Rde8 32. Rh1 Rg7 33. b3 Nd5 34. c4 Nxf4 35. Bxf4 Rd8 36. Be3 Rd3 37. Re1 Rg8 38. Kc2 Rd7 39. Rh1 Rg7 40. a4 c5 41. Kc3 Kg8 42. hxg6 Rxg6 43. Rhg1 Rdg7 44. Bf4 Rxg5 45. Rxg5 Rxg5 46. Bxg5 Kf7 47. a5 Ke8 48. axb6 axb6 49. b4 Kd7 50. bxc5 bxc5 51. Be3 Kc6 52. Bg5 h5 53. Kd3 Bf7 54. Kc3 Bg8 55. Kd3 Bf7 56. Kc3 Kd7 57. Be3 h4 58. Bxc5 h3 59. Bg1 f4 60. Kd3 Bxc4+ 61. Ke4 Ke6 62. Kxf4 1/2-1/2

[Event "Wch Blitz"]
[Site "Samarkand"]
[Date "2023.12.29"]
[Round "10"]
[White "Fressinet, Laurent"]
[Black "Murzin, Volodar"]
[Result "0-1"]
[WhiteElo "2637"]
[BlackElo "2627"]
[PlyCount "88"]
[EventDate "2023.12.29"]
[EventType "swiss (blitz)"]
[EventRounds "21"]
[EventCountry "UZB"]
[SourceTitle "CB01_2024"]
[SourceDate "2024.01.03"]
[SourceVersion "1"]
[SourceVersionDate "2024.01.03"]
[SourceQuality "1"]

1. d4 d5 2. Nf3 Nf6 3. c4 c6 4. g3 Bg4 5. Ne5 h5 6. Nxg4 hxg4 7. Bg2 e6 8. Qb3 Qb6 9. c5 Qa6 10. Nc3 Nbd7 11. Bf4 Rh5 12. 0-0 e5 13. dxe5 Nxe5 14. Qa4 Qxa4 15. Nxa4 0-0-0 16. b4 Nc4 17. f3 Re8 18. Rae1 Ne3 19. Bxe3 Rxe3 20. fxg4 Rhe5 21. Bf3 Ra3 22. Nb2 Rxa2 23. Nd3 Re7 24. Ra1 Rxa1 25. Rxa1 a6 26. h4 g6 27. g5 Ne4 28. Kg2 Bg7 29. Rc1 Nd2 30. Rc2 Nc4 31. Kh3 Kd8 32. g4 Bd4 33. Rc1 Ke8 34. Rd1 Be3 35. Kg3 Kf8 36. Kh3 Kg7 37. Kg3 Nd2 38. Kg2 Nb3 39. Rb1 Nd4 40. Rd1 Nb5 41. Ra1 Nc3 42. Ra3 Bd4 43. Kf1 Nd1 44. Ra1 Bxa1 0-1

[Event "Wch Blitz"]
[Site "Samarkand"]
[Date "2023.12.29"]
[Round "2"]
[White "Fressinet, Laurent"]
[Black "Nasuta, Grzegorz"]
[Result "1-0"]
[WhiteElo "2637"]
[BlackElo "2579"]
[PlyCount "68"]
[EventDate "2023.12.29"]
[EventType "swiss (blitz)"]
[EventRounds "21"]
[EventCountry "UZB"]
[SourceTitle "CB01_2024"]
[SourceDate "2024.01.03"]
[SourceVersion "1"]
[SourceVersionDate "2024.01.03"]
[SourceQuality "1"]

1. d4 d5 2. Nf3 Nf6 3. c4 c6 4. g3 Bf5 5. Nc3 e6 6. Qb3 Qb6 7. c5 Qxb3 8. axb3 Be7 9. b4 0-0 10. Nh4 Be4 11. f3 Bc2 12. Kd2 Bg6 13. Nxg6 hxg6 14. f4 Na6 15. b5 cxb5 16. e3 b4 17. Na2 Ne4+ 18. Ke1 Naxc5 19. dxc5 Bxc5 20. Bd3 a5 21. Bxe4 dxe4 22. Bd2 Rfd8 23. Ke2 Rd5 24. Rad1 Rad8 25. Bc1 Kf8 26. Rxd5 exd5 27. Rd1 Ke7 28. b3 a4 29. Bb2 b5 30. Bd4 Bxd4 31. Rxd4 axb3 32. Nxb4 Ra8 33. Rd2 Ke6 34. Nxd5 b2 1-0

[Event "EU-ch Blitz"]
[Site "Zagreb"]
[Date "2023.12.16"]
[Round "9"]
[White "Fressinet, Laurent"]
[Black "Djurovic, Goran"]
[Result "1-0"]
[WhiteElo "2637"]
[BlackElo "2372"]
[PlyCount "95"]
[EventDate "2023.12.16"]
[EventType "swiss (blitz)"]
[EventRounds "13"]
[EventCountry "CRO"]
[SourceTitle "CB51_2023"]
[SourceDate "2023.12.20"]
[SourceVersion "1"]
[SourceVersionDate "2023.12.20"]
[SourceQuality "1"]

1. d4 Nf6 2. Nf3 e6 3. Bg5 h6 4. Bh4 c5 5. e3 b6 6. Nbd2 cxd4 7. exd4 Be7 8. Bd3 Ba6 9. Bxa6 Nxa6 10. 0-0 d6 11. a4 Nc7 12. c3 Qc8 13. Re1 Qb7 14. Nc4 Qc6 15. Ne3 0-0 16. Nd2 Rfe8 17. Qe2 a6 18. Qc4 Qb7 19. Qb3 b5 20. Bg3 Nh5 21. Qd1 Nxg3 22. hxg3 Rab8 23. axb5 axb5 24. Qe2 Nd5 25. Nxd5 Qxd5 26. Ra7 b4 27. Nf3 bxc3 28. bxc3 Ra8 29. Rea1 Rxa7 30. Rxa7 Bf8 31. c4 Qc6 32. Qa2 Rc8 33. Ra4 Qe4 34. Kh2 Rb8 35. Ra7 Rc8 36. Qb3 Qf5 37. Ra1 Qh5+ 38. Kg1 Qf5 39. Rc1 Qh5 40. Qb7 Re8 41. Qc6 Rb8 42. c5 dxc5 43. dxc5 Qd5 44. Qc7 Rb7 45. Qc8 Rd7 46. c6 Rd8 47. Qa6 Qd6 48. c7 1-0

[Event "EU-ch Rapid"]
[Site "Zagreb"]
[Date "2023.12.15"]
[Round "9"]
[White "Fressinet, Laurent"]
[Black "Dragnev, Valentin"]
[Result "1-0"]
[WhiteElo "2637"]
[BlackElo "2579"]
[PlyCount "77"]
[EventDate "2023.12.14"]
[EventType "swiss (rapid)"]
[EventRounds "11"]
[EventCountry "CRO"]
[SourceTitle "CB51_2023"]
[SourceDate "2023.12.20"]
[SourceVersion "1"]
[SourceVersionDate "2023.12.20"]
[SourceQuality "1"]

1. d4 d5 2. Nf3 e6 3. c4 Nf6 4. Nc3 c5 5. e3 Nc6 6. cxd5 exd5 7. Bb5 cxd4 8. exd4 Bd6 9. Qe2+ Qe7 10. Qxe7+ Kxe7 11. 0-0 Be6 12. Bg5 Rhc8 13. Bxc6 bxc6 14. Na4 c5 15. Nxc5 Bxc5 16. dxc5 Rxc5 17. Nd4 h6 18. Be3 Rc7 19. f3 a6 20. Rfe1 Kd7 21. Re2 Re8 22. Bd2 Kc8 23. Rae1 Bd7 24. Bc3 Rxe2 25. Nxe2 Ne8 26. Nf4 Bc6 27. Kf2 f6 28. Ne6 Re7 29. Bb4 Rb7 30. Ba3 Bd7 31. Rc1+ Kb8 32. Nc5 Ra7 33. Re1 Bb5 34. b3 a5 35. Bc1 Kc8 36. Bf4 Bd7 37. Re7 Kd8 38. Rf7 g5 39. Bb8 1-0

[Event "EU-chT 24th"]
[Site "Budva"]
[Date "2023.11.11"]
[Round "1.8"]
[White "Fressinet, Laurent"]
[Black "Macovei, Andrei"]
[Result "1/2-1/2"]
[WhiteElo "2640"]
[BlackElo "2446"]
[PlyCount "77"]
[EventDate "2023.11.11"]
[EventType "team-swiss"]
[EventRounds "9"]
[EventCountry "MNE"]
[SourceTitle "CB47_2023"]
[SourceDate "2023.11.22"]
[SourceVersion "1"]
[SourceVersionDate "2023.11.22"]
[SourceQuality "1"]
[WhiteTeam "France"]
[BlackTeam "Moldova"]
[WhiteTeamCountry "FRA"]
[BlackTeamCountry "MDA"]

1. d4 Nf6 2. Nf3 e6 3. c4 Bb4+ 4. Bd2 Bxd2+ 5. Qxd2 d5 6. g3 0-0 7. Bg2 c6 8. 0-0 dxc4 9. Ne5 b5 10. b3 cxb3 11. axb3 Bb7 12. Nc3 Nbd7 13. Rfd1 Qb6 14. b4 Rfd8 15. Qb2 h6 16. e3 Qc7 17. Rdc1 Nxe5 18. Nxb5 Qb6 19. dxe5 cxb5 20. Bxb7 Qxb7 21. exf6 g6 22. Qe2 Rd7 23. e4 Rad8 24. Qe3 Kh7 25. Qf4 g5 26. Qe5 Qb8 27. Qxb8 Rxb8 28. Rc5 Kg6 29. e5 g4 30. Kg2 h5 31. h3 Rd4 32. Rxa7 Rxb4 33. Rcc7 Rf8 34. Rab7 Rb2 35. hxg4 hxg4 36. Rc5 Rd8 37. Rbxb5 Rxb5 38. Rxb5 Rd5 39. Rb4 1/2-1/2

[Event "Julius Baer Rapid Div 2 L"]
[Site "Chess.com INT"]
[Date "2023.09.01"]
[Round "2.3"]
[White "Yakubboev, Nodirbek"]
[Black "Fressinet, Laurent"]
[Result "1-0"]
[WhiteElo "2617"]
[BlackElo "2643"]
[PlyCount "83"]
[EventDate "2023.08.31"]
[EventType "k.o. (rapid)"]
[EventRounds "6"]
[EventCountry "GER"]
[SourceTitle "EXT 2024"]
[Source "ChessBase"]
[SourceDate "2023.10.10"]
[SourceVersion "1"]
[SourceVersionDate "2023.10.10"]
[SourceQuality "1"]

1. c4 e6 2. Nf3 d5 3. d4 Nf6 4. Nc3 Be7 5. Bf4 0-0 6. e3 c5 7. dxc5 Bxc5 8. a3 Nc6 9. Qc2 Qa5 10. Rd1 Be7 11. Nd2 e5 12. Bg5 d4 13. Nb3 Qb6 14. Bxf6 Bxf6 15. Nd5 Qd8 16. Bd3 g6 17. exd4 exd4 18. 0-0 Bg7 19. Be4 Bg4 20. Rd2 Qd6 21. c5 Qd7 22. Nb4 Nxb4 23. axb4 Rad8 24. Na5 b6 25. Nb7 Rb8 26. c6 Qc7 27. h3 Be6 28. b5 Ra8 29. Qd3 Rfe8 30. Re2 Re7 31. Rfe1 Rae8 32. Qa3 Be5 33. Bd3 Bc8 34. f4 Bf6 35. Qd6 Qxd6 36. Nxd6 Rxe2 37. Rxe2 Rd8 38. c7 Rf8 39. g4 Bd7 40. g5 Bg7 41. Re7 Bxh3 42. f5 1-0

[Event "Julius Baer Rapid Div 2 W"]
[Site "Chess.com INT"]
[Date "2023.08.31"]
[Round "2.2"]
[White "Artemiev, Vladislav"]
[Black "Fressinet, Laurent"]
[Result "1-0"]
[WhiteElo "2698"]
[BlackElo "2652"]
[PlyCount "85"]
[EventDate "2023.08.30"]
[EventType "k.o. (rapid)"]
[EventRounds "5"]
[EventCountry "GER"]
[SourceTitle "EXT 2024"]
[Source "ChessBase"]
[SourceDate "2023.10.10"]
[SourceVersion "1"]
[SourceVersionDate "2023.10.10"]
[SourceQuality "1"]

1. Nf3 d5 2. g3 Nf6 3. Bg2 e6 4. 0-0 Be7 5. b3 0-0 6. Bb2 c5 7. c4 Nc6 8. cxd5 Nxd5 9. Nc3 Bf6 10. Qc2 b6 11. Nxd5 Bxb2 12. Qxb2 exd5 13. d4 Qf6 14. Qd2 cxd4 15. Rfd1 Bg4 16. Nxd4 Nxd4 17. Qxd4 Qxd4 18. Rxd4 Bxe2 19. Re1 Rfe8 20. Bxd5 Rad8 21. Bxf7+ Kxf7 22. Rxd8 Rxd8 23. Rxe2 a5 24. Kg2 Rd3 25. Rc2 a4 26. Rc7+ Kf8 27. bxa4 Ra3 28. Rc4 Rxa2 29. Rb4 Ra3 30. h4 g6 31. g4 Kg7 32. f3 h5 33. g5 Kf7 34. Kg3 Ra1 35. Kf4 Ra3 36. Ke4 Ke7 37. f4 Kf7 38. Kd5 Rh3 39. Rxb6 Rxh4 40. Rb7+ Ke8 41. a5 Kd8 42. a6 Kc8 43. Rb4 1-0

[Event "Titled Tuesday intern op 29th Aug Late"]
[Site "Chess.com INT"]
[Date "2023.08.29"]
[Round "2"]
[White "Fressinet, Laurent"]
[Black "Pinheiro, Iung Alicio"]
[Result "0-1"]
[WhiteElo "2652"]
[BlackElo "2306"]
[PlyCount "82"]
[EventDate "2023.08.29"]
[EventType "swiss (blitz)"]
[EventRounds "11"]
[EventCountry "USA"]
[SourceTitle "EXT 2024"]
[Source "ChessBase"]
[SourceDate "2023.10.10"]
[SourceVersion "1"]
[SourceVersionDate "2023.10.10"]
[SourceQuality "1"]

1. d4 Nf6 2. Nf3 e6 3. Bg5 h6 4. Bh4 d6 5. Nbd2 g5 6. Bg3 Nh5 7. c3 f5 8. e3 Nd7 9. Bc4 Ndf6 10. 0-0 Qe7 11. a4 Bg7 12. a5 Bd7 13. a6 b6 14. Qe2 0-0 15. Bb5 c6 16. Bd3 Rad8 17. Nc4 Bc8 18. Nfd2 Nxg3 19. hxg3 e5 20. dxe5 dxe5 21. e4 f4 22. gxf4 gxf4 23. Nf3 Ng4 24. Rfd1 Qf7 25. Ncd2 Qh5 26. Nf1 Kh8 27. Bc4 Bf6 28. Bb3 Be7 29. Rxd8 Rxd8 30. Rd1 Rf8 31. Ne1 b5 32. Nd3 Bxa6 33. f3 Nf6 34. Ra1 Bc8 35. Rxa7 Bd6 36. Qf2 Qg6 37. Qb6 Bh3 38. Ne1 Nd7 39. Rxd7 Bxd7 40. Qb7 Qg7 41. Kh1 Bc5 0-1